[Event "Tolima Deportivo op"]
[Site "Tolima"]
[Date "2021.11.13"]
[Round "3"]
[White "Patino, Jairo"]
[Black "Ramirez, Carlos Henry"]
[Result "1-0"]
[WhiteElo "1606"]
[BlackElo "1635"]
[PlyCount "87"]
[EventDate "2021.11.12"]
[EventType "swiss"]
[EventRounds "7"]
[EventCountry "COL"]
[SourceTitle "CBM 205 Extra"]
[Source "ChessBase"]
[SourceDate "2022.01.31"]
[SourceVersion "1"]
[SourceVersionDate "2022.01.31"]
[SourceQuality "1"]

1. e4 e5 2. Nf3 Nc6 3. Bb5 Nge7 4. c3 a6 5. Ba4 d6 6. h3 Bd7 7. d4 exd4 8. cxd4 Ng6 9. Nc3 Na7 10. Bb3 Be7 11. Be3 Nb5 12. Nd5 c6 13. Nxe7 Qxe7 14. Qd3 0-0 15. 0-0 Be6 16. Bc2 Qc7 17. Ng5 Rae8 18. f4 Ne7 19. f5 Bd7 20. f6 Ng6 21. a4 Na7 22. Rae1 Nc8 23. fxg7 Kxg7 24. Qc4 Be6 25. d5 Bd7 26. Qc3+ Ne5 27. Qd2 Ne7 28. Nf3 N7g6 29. Bh6+ Kg8 30. Bxf8 Rxf8 31. Nxe5 Nxe5 32. Rf6 Kh8 33. dxc6 Be6 34. cxb7 Rg8 35. Kh2 d5 36. Rf4 Qxb7 37. exd5 Nc4 38. Qd4+ Rg7 39. Rxe6 Qb8 40. Rh6 Ne5 41. d6 Ng6 42. Bxg6 fxg6 43. Rf7 Kg8 44. Qxg7# 1-0